| 000 | 01095nac a22003497a 4500 | ||
|---|---|---|---|
| 001 | BR9406957 | ||
| 003 | BR-BrBNA | ||
| 005 | 20240105121607.0 | ||
| 008 | 230509b bl.|||m| |||| 00| 0 por d | ||
| 040 |
_aBR-BrBNA _bpor _cBiblioteca Nacional de Agricultura |
||
| 072 | _aF04; H10; H20 | ||
| 090 | _a0336 BR9406957 | ||
| 110 | 1 |
_aEmpresa de Assistencia Tecnica e Extensao Rural do Estado de Mato Grosso, Cuiaba (Brasil) _94017 |
|
| 245 | 1 | _aDiretrizes tecnicas: soja. Cerrados de Mato Grosso | |
| 260 | 3 |
_aCuiaba, MT (Brasil): _c1984. |
|
| 300 | _a59 p. | ||
| 490 |
_aDiretrizes Tecnicas - Empresa de Assistencia Tecnica e Extensao Rural do Estado de Mato Grosso (Brazil) _vno. 4 _x |
||
| 500 | _a8 tables | ||
| 650 | _aSoja | ||
| 650 | _aAdubacao | ||
| 650 | _aCalagem | ||
| 650 | _aPratica Cultural | ||
| 650 | _aSemente | ||
| 650 | _aControle Quimico | ||
| 650 | _aErva Daninha | ||
| 650 | _aPraga de Planta | ||
| 650 | _aDoenca de Planta | ||
| 650 | _aCerrado | ||
| 650 | _aMato Grosso | ||
| 909 |
_a202312 _bLúcia Elande _c55 _dLúcia Elande |
||
| 942 |
_2AGRIS _n0 _cMS |
||
| 999 |
_c286215 _d286215 |
||